00433 a2200157 4500003000400000005001700004008004100021020001800062040000900080082001800089100002100107245009200128250001200220260003300232300001000265OSt20260324155756.0231207b |||||||| |||| 00| 0 eng d a9789354821158 coclc a823.92bRUS/A1 aRushdie, Salman. aAayirathonnu Raavukal= Two Years Eight Months and Twenty-Eight Nights /cSalman Rushdie a2nd ed. aKottayam:bD C Books,c2023. a352p.